| 000 | 00636nam a22002057a 4500 | ||
|---|---|---|---|
| 999 |
_c16336 _d16336 |
||
| 003 | AR-CdUCM | ||
| 008 | 190503b ||||| |||| 00| 0 spa d | ||
| 040 |
_aMUNICIPALIDAD PROVINCIAL DEL CUSCO _cBIBLIOTECA MUNICIPAL DEL CUSCO |
||
| 082 |
_a808 / _bT98 |
||
| 100 |
_aTwain, Mark _9733 |
||
| 245 | _aTom Sawyer en el extranjero / | ||
| 260 |
_aBuenos Aires : _bAcme, _c1956. |
||
| 300 |
_a283 paginas ; _bIlustraciones, graficos, dibujos, _c20 cm. |
||
| 500 | _aHistoria y literatura | ||
| 650 |
_aHistoria _9246 |
||
| 650 |
_aLiteratura _983 |
||
| 700 |
_aAntonini, M. E. _935722 |
||
| 942 |
_2ddc _cLIBROS |
||
| 945 |
_apjha _d2019-05-03 |
||